|
|
|
|
| LEADER |
00708nab a2200205 i 4500 |
| 001 |
publ10366 |
| 005 |
20190606085609.0 |
| 008 |
170126s2016 hu o 0|| zxx d |
| 022 |
|
|
|a 2221-6189
|
| 024 |
7 |
|
|a 10.1016/j.joad.2015.06.017
|2 doi
|
| 024 |
7 |
|
|a 3098608
|2 mtmt
|
| 040 |
|
|
|a SZTE Publicatio Repozitórium
|b hun
|
| 041 |
|
|
|a zxx
|
| 100 |
1 |
|
|a Fehér Ádám Miklós
|
| 245 |
1 |
2 |
|a A review of main controversial aspects of acute testicular torsion
|h [elektronikus dokumentum] /
|c Fehér Ádám Miklós
|
| 260 |
|
|
|a Elsevier
|c 2016
|
| 300 |
|
|
|a 1-8
|
| 490 |
0 |
|
|a JOURNAL OF ACUTE DISEASE
|v 5 No. 1
|
| 700 |
0 |
1 |
|a Bajory Zoltán
|e aut
|
| 856 |
4 |
0 |
|u http://publicatio.bibl.u-szeged.hu/10366/1/JOAD57.pdf
|z Dokumentum-elérés
|